000 02506nam a2200541Ii 4500
001 DIGUNINOR0234
003 NyNyDIG
006 m o d
008 190208s2017 ck ob 001 0 spa d
007 cr |||||||||||
035 _a(OCoLC)993777395
040 _aDGITA
_beng
_erda
_epn
_cDGITA
020 _a9789587417586
_q(electronic bk.)
020 _a9587417585
_q(electronic bk.)
020 _z9789587417593
_q(impreso)
020 _z9587417593
_q(impreso)
050 1 4 _aLB1025.3 ebook
082 0 4 _a371.102
100 1 _aAmbrose, Susan A.,
_d1958-
_eauthor.
240 1 0 _aHow learning works.
_lSpanish
_s(Gómez Mendoza)
245 1 0 _aCómo funciona el aprendizaje :
_b7 principios basados en la investigación para una enseñanza inteligente /
_cSusan A. Ambrose, Michael W. Bridges, Michele DiPietro, Marsha C. Lovett, Marie K. Norman ; prólogo de Richard E. Mayer ; traducción de Olga Gómez Mendoza.
264 1 _aÁrea metropolitana de Barranquilla (Colombia) :
_bUniversidad del Norte Editorial,
_c2017.
300 _a1 online resource.
336 _atext
_btxt
_2rdacontent
337 _acomputer
_bc
_2rdamedia
338 _aonline resource
_bcr
_2rdacarrier
504 _aIncludes bibliographical references and indexes.
588 0 _aOnline resource; title from PDF title page (Digitalia, viewed February 10, 2019)
650 0 _aEffective teaching
_vCase studies.
650 0 _aEducational innovations
_vCase studies.
650 0 _aSchool improvement programs
_vCase studies.
650 0 _aLearning, Psychology of
_vCase studies.
655 7 _aReference works.
_2lcgft
655 0 _aElectronic books.
700 1 _aBridges, Michael W.,
_eauthor.
700 1 _aDiPietro, Michele,
_eauthor.
700 1 _aLovett, Marsha,
_eauthor.
700 1 _aNorman, Marie K.,
_eauthor.
700 1 _aMayer, Richard E.,
_d1947-
_econtributor agent of text.
700 1 _aGómez Mendoza, Olga,
_etranslator.
700 1 _iTranslation of:
_aAmbrose, Susan A.,
_d1958-
_tHow learning works.
791 2 _aDigitalia (Firm),
_edistributor.
793 0 _gDigitalia eBook Collection:
_aEdiciones Uninorte.
776 0 8 _iPrint version:
_aAmbrose, Susan A., 1958-
_sHow learning works. Spanish (Gómez Mendoza)
_tCómo funciona el aprendizaje.
_dÁrea metropolitana de Barranquilla (Colombia) : Universidad del Norte Editorial, 2017
_z9789587417593
856 4 0 _3Digitalia Hispánica
_uhttps://www.digitaliapublishing.com/a/47080/
910 _aPremium collection: 2019
942 _cRAA
999 _c250011
_d250011